<?xml version="1.0" encoding="UTF-8"?>
<marc:record xmlns:marc="http://www.loc.gov/MARC21/slim">
   <marc:leader>00000nam a2200000 a 4500</marc:leader>
   <marc:datafield ind1="1" ind2=" " tag="100">
      <marc:subfield code="a">Falcones, Ildefonso</marc:subfield>
      <marc:subfield code="4">aut</marc:subfield>
      <marc:subfield code="e">Verfasser/-in</marc:subfield>
   </marc:datafield>
   <marc:datafield ind1="0" ind2="0" tag="245">
      <marc:subfield code="a">Das Monument der Hoffnung</marc:subfield>
   </marc:datafield>
   <marc:datafield ind1="0" ind2="0" tag="245">
      <marc:subfield code="b">Historischer Roman</marc:subfield>
   </marc:datafield>
   <marc:datafield ind1="0" ind2="0" tag="245">
      <marc:subfield code="c">Ildefonso Falcones</marc:subfield>
   </marc:datafield>
   <marc:datafield ind1=" " ind2="1" tag="264">
      <marc:subfield code="a">München</marc:subfield>
      <marc:subfield code="b">Random House</marc:subfield>
      <marc:subfield code="c">2026</marc:subfield>
   </marc:datafield>
   <marc:datafield ind1="1" ind2=" " tag="490">
      <marc:subfield code="a">¬Die¬ Kathedrale-des-Meeres</marc:subfield>
   </marc:datafield>
   <marc:datafield ind1=" " ind2=" " tag="250">
      <marc:subfield code="a">1.</marc:subfield>
   </marc:datafield>
   <marc:datafield ind1="1" ind2=" " tag="520">
      <marc:subfield code="a">Neapel im 15. Jahrhundert: Arnau Estanyol, Enkel eines der größten Seekonsulen Spaniens, dient dem König von Aragonien bei der Eroberung Neapels. Der prächtige Palast, in den er eingezogen ist, kann ihn jedoch nicht vor seinem größten Feind bewahren: Arnaus Halbbruder hat sich gegen ihn verschworen und ist bereit, ihm alles zu nehmen. Seine Angriffe treffen die Menschen, die Arnau am wichtigsten sind, angefangen bei seiner Stieftochter. In diesen dunklen Zeiten wird Arnau miterleben, wie sich die Welt um ihn herum verändert, wie sich die Kunst des Krieges wandelt und wie die Liebe selbst das härteste Herz berühren kann.</marc:subfield>
   </marc:datafield>
   <marc:datafield ind1=" " ind2=" " tag="020">
      <marc:subfield code="a">9783570106082</marc:subfield>
      <marc:subfield code="9">9783570106082</marc:subfield>
   </marc:datafield>
   <marc:datafield ind1=" " ind2=" " tag="020">
      <marc:subfield code="a">357010608X</marc:subfield>
      <marc:subfield code="9">357010608X</marc:subfield>
   </marc:datafield>
   <marc:datafield ind1=" " ind2=" " tag="500">
      <marc:subfield code="a">Aus dem Span. übers.</marc:subfield>
   </marc:datafield>
   <marc:datafield ind1=" " ind2=" " tag="300">
      <marc:subfield code="a">1023 S.</marc:subfield>
   </marc:datafield>
</marc:record>
